NBA Rank 2025 ESPN's Top 100 Players - Statistics

General Stats
  • This quiz has been taken 226 times
  • The average score is 74 of 100
Answer Stats
Rank Team Position 2024 NBA Rank Answer % Correct
1. DEN C No. 1 Nikola Jokic
100%
2. OKC G No. 4 Shai Gilgeous-Alexander
100%
4. MIL F No. 3 Giannis Antetokounmpo
98%
3. LAL G No. 2 Luka Doncic
98%
7. GSW G No. 6 Stephen Curry
98%
6. MIN G No. 10 Anthony Edwards
97%
12. DET G No. 67 Cade Cunningham
97%
10. NYK G No. 12 Jalen Brunson
97%
9. HOU F No. 9 Kevin Durant
97%
8. LAL F No. 7 LeBron James
97%
16. PHX G No. 15 Devin Booker
96%
5. SAS C No. 11 Victor Wembanyama
96%
14. DAL C No. 13 Anthony Davis
94%
15. CLE G No. 17 Donovan Mitchell
93%
23. LAC G No. 41 James Harden
93%
19. BOS G No. 14 Jaylen Brown
93%
21. MIA C No. 18 Bam Adebayo
92%
11. OKC F No. 44 Jalen Williams
91%
33. MEM G No. 20 Ja Morant
91%
27. NYK F No. 30 Karl-Anthony Towns
91%
20. LAC F No. 22 Kawhi Leonard
91%
29. ATL G No. 37 Trae Young
91%
51. GSW F No. 66 Draymond Green
90%
47. PHI C No. 8 Joel Embiid
90%
17. ORL F No. 24 Paolo Banchero
90%
18. GSW F No. 28 Jimmy Butler III
89%
24. OKC C No. 32 Chet Holmgren
88%
13. CLE F No. 47 Evan Mobley
88%
22. IND F No. 42 Pascal Siakam
87%
49. MIN C No. 34 Rudy Gobert
87%
25. HOU C No. 54 Alperen Sengun
86%
71. CHI G No. 58 Coby White
86%
35. SAS G No. 26 De'Aaron Fox
86%
26. BOS G No. 39 Derrick White
86%
31. MEM F No. 55 Jaren Jackson Jr.
86%
28. PHI G No. 19 Tyrese Maxey
86%
37. HOU G NR Amen Thompson
85%
54. PHI F No. 21 Paul George
85%
38. CLE G No. 57 Darius Garland
84%
34. SAC C No. 29 Domantas Sabonis
84%
46. DEN G No. 31 Jamal Murray
84%
30. TOR F No. 35 Scottie Barnes
83%
61. NOP F No. 27 Zion Williamson
82%
32. ORL F No. 52 Franz Wagner
81%
67. DEN F NR Cameron Johnson
80%
44. ATL F NR Jalen Johnson
80%
43. UTA F No. 33 Lauri Markkanen
80%
42. MIN F No. 48 Julius Randle
79%
60. LAL G No. 72 Austin Reaves
78%
52. DAL F NR Cooper Flagg
78%
36. LAC C NR Ivica Zubac
78%
45. CLE C No. 73 Jarrett Allen
78%
63. CHA G No. 50 LaMelo Ball
78%
48. NYK F No. 38 Mikal Bridges
78%
40. DEN F No. 49 Aaron Gordon
77%
69. NYK F No. 61 Josh Hart
77%
50. ATL C No. 46 Kristaps Porzingis
74%
68. MIA G No. 76 Tyler Herro
73%
77. TOR F No. 40 Brandon Ingram
72%
56. OKC C No. 88 Isaiah Hartenstein
72%
70. BRK F No. 89 Michael Porter Jr.
72%
64. OKC G No. 85 Luguentz Dort
71%
57. MIL C No. 81 Myles Turner
71%
41. NYK F No. 51 OG Anunoby
71%
39. ORL G No. 60 Desmond Bane
67%
53. OKC G No. 59 Alex Caruso
66%
59. ORL G No. 95 Jalen Suggs
64%
92. NYK C No. 82 Mitchell Robinson
64%
80. SAC F No. 45 DeMar DeRozan
62%
72. SAC G No. 74 Zach LaVine
62%
81. IND G NR Andrew Nembhard
61%
99. SAS G NR Stephon Castle
61%
74. HOU F No. 92 Jabari Smith Jr.
59%
62. DEN G NR Christian Braun
58%
73. DAL C No. 56 Dereck Lively II
58%
89. MIA F No. 90 Andrew Wiggins
57%
91. POR G No. 36 Jrue Holiday
57%
55. ATL G NR Dyson Daniels
55%
76. CHA F No. 68 Brandon Miller
53%
75. MIN F No. 77 Jaden McDaniels
53%
97. BOS G NR Payton Pritchard
53%
90. MIN C No. 87 Naz Reid
51%
100. TOR G No. 53 RJ Barrett
51%
98. UTA C NR Walker Kessler
51%
84. DET F NR Tobias Harris
50%
66. POR F NR Deni Avdija
48%
96. ATL G NR Nickeil Alexander-Walker
48%
82. MIA G NR Norman Powell
48%
88. MEM C NR Zach Edey
48%
87. DEN C No. 91 Jonas Valanciunas
47%
58. NOP F NR Trey Murphy III
46%
65. IND G NR Aaron Nesmith
45%
95. DAL F NR PJ Washington
44%
93. TOR C NR Jakob Poeltl
42%
85. DET G NR Jaden Ivey
41%
83. GSW F NR Jonathan Kuminga
41%
79. ATL C NR Onyeka Okongwu
40%
94. SAS G NR Devin Vassell
39%
86. LAC G No. 70 Bradley Beal
38%
78. POR F NR Toumani Camara
35%
No matching quizzes found
Score Distribution
Percent of People with Each Score
Percentile by Number Answered
Your Score History
You have not taken this quiz